000 00414nam a2200133Ia 4500
008 220216s9999 xx 000 0 und d
100 _aHaines W B
245 0 _aOn the effect of covers and cultivation methods on the growth of young rubber III.
260 _bJournal of the Rubber Research Institute of Malaya
_c1932
300 _a123-130
650 _aRubber cultivation
650 _aYoung rubber
942 _cJS
999 _c64362
_d64362